000 00397nam a22001697a 4500
005 20160628124245.0
008 160628b xxu||||| |||| 00| 0 eng d
020 _a0-7619-9424-6
041 _aeng
082 _b10774
100 _aValladares, June A
_93042
245 _aThe Craft of Copy Writing
260 _bSage
_c2004
300 _a277
650 _aMass Communication
_92660
942 _cBK
999 _c4414
_d4413